[Event "Lille Seniors op"]
[Site "Lille"]
[Date "2014.11.28"]
[Round "6"]
[White "Juteau, Patrick"]
[Black "Patrat, Joel"]
[Result "0-1"]
[WhiteElo "1170"]
[BlackElo "1841"]
[PlyCount "77"]
[EventDate "2014.11.24"]
[EventType "swiss"]
[EventRounds "7"]
[EventCountry "FRA"]
[SourceTitle "EXT 2016"]
[Source "ChessBase"]
[SourceDate "2015.10.08"]
[SourceVersion "1"]
[SourceVersionDate "2015.10.08"]
[SourceQuality "1"]

1. e4 c5 2. Bc4 e6 3. Nf3 Qc7 4. 0-0 a6 5. d3 Nc6 6. b3 b5 7. Ng5 bxc4 8. Qf3 Nf6 9. dxc4 Nd4 10. Qd3 Bb7 11. Nd2 h6 12. Ngf3 Bd6 13. g3 Nxf3+ 14. Qxf3 Be5 15. Rb1 0-0 16. Bb2 Bxb2 17. Rxb2 Qe5 18. Rbb1 Bxe4 19. Nxe4 Qxe4 20. Qxe4 Nxe4 21. Rbe1 Nd2 22. c3 Nxf1 23. Kxf1 d5 24. cxd5 exd5 25. Re5 Rad8 26. c4 Rfe8 27. Rxd5 Rxd5 28. cxd5 Rd8 29. Kg2 Rxd5 30. f4 Rd2+ 31. Kh3 Rxa2 32. g4 Ra3 33. Kh4 Rxb3 34. h3 a5 35. g5 a4 36. gxh6 gxh6 37. Kg4 a3 38. h4 a2 39. h5 0-1

[Event "Lille Seniors op"]
[Site "Lille"]
[Date "2014.11.27"]
[Round "5"]
[White "Juteau, Patrick"]
[Black "Wuhrmann, Daniel"]
[Result "0-1"]
[WhiteElo "1170"]
[BlackElo "1761"]
[PlyCount "88"]
[EventDate "2014.11.24"]
[EventType "swiss"]
[EventRounds "7"]
[EventCountry "FRA"]
[SourceTitle "EXT 2016"]
[Source "ChessBase"]
[SourceDate "2015.10.08"]
[SourceVersion "1"]
[SourceVersionDate "2015.10.08"]
[SourceQuality "1"]

1. e4 c5 2. Bc4 e6 3. Nf3 d6 4. 0-0 Nf6 5. e5 dxe5 6. Nxe5 Nbd7 7. Nf3 Be7 8. Nc3 a6 9. d3 b5 10. Bb3 Bb7 11. Bf4 0-0 12. h3 Nb6 13. a4 b4 14. Nb1 Nfd5 15. Bc1 a5 16. d4 Ba6 17. Re1 c4 18. Ba2 Qc7 19. Ne5 Nd7 20. Qg4 f5 21. Qf3 Bf6 22. Qg3 Nxe5 23. Bf4 Nxf4 24. Qxf4 Rac8 25. Nd2 Ng6 26. Qe3 Rfe8 27. Bb1 Qf4 28. Qxf4 Nxf4 29. c3 bxc3 30. bxc3 Nd5 31. f3 Nxc3 32. Bc2 Bxd4+ 33. Kh2 Nd5 34. g4 Bxa1 35. Rxa1 fxg4 36. fxg4 Rb8 37. h4 Rb2 38. Rc1 Ne3 39. Be4 Rxd2+ 40. Kg3 Rf8 41. h5 Nf1+ 42. Kh4 Rh2+ 43. Kg5 h6+ 44. Kg6 Rf6# 0-1